Dave Barry's greatest hits.

Bibliographic Details
Main Author: Barry, Dave
Format: Book
Language:English
Published: New York : Crown, [1988]
Edition:1st ed.

MARC

Tag First Indicator Second Indicator Subfields
LEADER 00000cam a2200000 a 4500
001 in00000024915
005 20151007055643.0
008 880218s1988 nyu 00010 eng
010 |a  88003822  
020 |a 0517569442 :  |c $16.95 
035 |a (OCoLC)17549917 
035 |9 AAB8854AM 
040 |a DLC  |c DLC  |d TXA  |d UtOrBLW 
049 |a TXAM  |c [A11032261] 
050 0 0 |a PN4874.B328  |b A25 1988 
082 0 |a 814/.54  |2 19 
100 1 |a Barry, Dave. 
240 1 0 |a Greatest hits 
245 1 0 |a Dave Barry's greatest hits. 
250 |a 1st ed. 
264 1 |a New York :  |b Crown,  |c [1988] 
264 4 |c ©1988 
300 |a ix, 287 pages ;  |c 24 cm. 
336 |a text  |b txt  |2 rdacontent 
337 |a unmediated  |b n  |2 rdamedia 
338 |a volume  |b nc  |2 rdacarrier 
740 0 |a Greatest hits. 
999 |a MARS 
999 f f |s bc47b1f5-5e7b-3c50-a3f8-5e2f23ad79b5  |i db7b6863-2ec0-3d8d-a765-849dec36964e  |t 0 
952 f f |p ric  |a Texas A&M University  |b Rellis Campus  |c Joint Library Facility  |d Remote Storage  |t 0  |e PN4874.B328 A25 1988  |h Library of Congress classification  |i unmediated -- volume  |m A14811032261 
998 f f |a PN4874.B328 A25 1988  |t 0  |l Remote Storage